[Event "Graz op"]
[Site "Graz"]
[Date "1997.??.??"]
[Round "1"]
[White "Trabert, Bettina"]
[Black "Loebler, Heimo"]
[Result "1/2-1/2"]
[WhiteElo "2220"]
[BlackElo "2255"]

1.e4 c5 2.c3 Nf6 3.e5 Nd5 4.d4 cxd4 5.Nf3 Nc6 6.Bc4 Nb6 7.Bb3 d5 8.exd6 Qxd6
9.O-O Be6 10.Bxe6 Qxe6 11.Nxd4 Nxd4 12.Qxd4 Rd8 13.Qb4 Qc6 14.a4 a6 15.Nd2 e5
16.Qg4 Qd7 17.Qe2 f6 18.a5 Nd5 19.Ne4 Be7 20.c4 Nb4 21.Qh5+ g6 22.Qf3 f5
23.Nc3 e4 24.Qe2 Qd3 25.Be3 Kf7 26.Rad1 Qxe2 27.Nxe2 Rd3 28.Bb6 Rc8 29.f3 Rxc4
30.fxe4 Rxe4 31.Rxd3 Nxd3 32.Nc3 Re5 33.Rd1 Nxb2 34.Rd7 Ke6 35.Rxb7 Re1+
36.Kf2 Nd3+ 37.Kf3 g5 38.Ne2 f4 39.h3 h5 40.g4 h4 41.Nd4+ Kd5 42.Nf5 Bb4
43.Rd7+ Kc4 44.Rc7+ Kb3 45.Nd4+ Ka4 46.Nc2 Rh1 47.Kg2 Rd1 48.Nxb4 Kxb4 49.Rg7 Rd2+
50.Kf3 Rh2 51.Rxg5 Rxh3+ 52.Ke4 Rg3 53.Rh5 h3 54.Bc7 Kc3 55.g5 Kc2 56.Rh4 Rxg5
57.Bb6 Rg3 58.Bc7 Re3+ 59.Kd4 Rf3 60.Ke4 Rf1 61.Bb6 Rh1 62.Kf3 Kd2 63.Rh5 Rh2
64.Rh6 Rh1 65.Rh5 Rf1+ 66.Ke4 Ke2 67.Rxh3 Nf2+ 68.Bxf2 Rxf2 69.Ra3 f3 70.Re3+ Kd2
71.Rxf3 Rxf3 72.Kxf3 Kd3 73.Kf2  1/2-1/2

[Event "Graz op"]
[Site "Graz"]
[Date "1997.??.??"]
[Round "1"]
[White "Baklan, Vladimir"]
[Black "Van den Doel, Erik"]
[Result "1-0"]
[WhiteElo "2570"]
[BlackElo "2440"]

1.e4 c5 2.c3 Nf6 3.e5 Nd5 4.Nf3 Nc6 5.d4 cxd4 6.Bc4 Nb6 7.Bb3 g6 8.cxd4 Bg7
9.O-O d6 10.Bf4 dxe5 11.Bxe5 Nxe5 12.Nxe5 Bxe5 13.dxe5 Qxd1 14.Rxd1 Be6 15.Nc3 Bxb3
16.axb3 O-O 17.Rd4 Rfc8 18.f4 Kg7 19.Kf1 Rc6 20.Rad1 Rac8 21.Kf2 h5 22.R1d3 f6
23.Re3 Kf7 24.Kf3 Re6 25.Ne4 Rc2 26.Rd8 Kg7 27.exf6+ exf6 28.Rc3 Rc6 29.Rxc2 Rxc2
30.Rb8 Rxb2 31.Rxb7+ Kf8 32.Nc5 Rc2 33.Ne6+ Ke8 34.f5 gxf5 35.Rxa7 Nd5 36.Ng7+ Kf8
37.Nxf5 Rc3+ 38.Ke4 Nb4 39.Nd4 Nc2 40.Ne6+ Ke8 41.Ng7+ Kf8 42.Kf5 Nd4+ 43.Kxf6 Rc6+
44.Ke5 Nxb3 45.Ne6+ Kg8 46.Rg7+ Kh8 47.Rg5 Rc2 48.Rxh5+ Kg8 49.Rg5+ Kf7 50.Rg7+ Ke8
51.Nf4 Nc5 52.h4 Nd7+ 53.Kd6 Rd2+ 54.Ke6  1-0

[Event "Graz op"]
[Site "Graz"]
[Date "1997.??.??"]
[Round "2"]
[White "Todor, Razvan"]
[Black "Epishin, Vladimir"]
[Result "0-1"]
[WhiteElo "2170"]
[BlackElo "2570"]

1.e4 c5 2.c3 Nf6 3.e5 Nd5 4.g3 e6 5.Bg2 Be7 6.Nf3 b6 7.O-O Bb7 8.Na3 O-O
9.d3 Nc6 10.Nc4 Qc7 11.a4 Rad8 12.Qe2 d6 13.exd6 Bxd6 14.Ng5 Nf6 15.Be3 h6
16.Nxd6 Rxd6 17.Ne4 Nxe4 18.dxe4 Rfd8 19.f4 Qd7 20.Bf3 Na5 21.b4 cxb4 22.cxb4 Nb3
23.Ra2 Nd4 24.Bxd4 Rxd4 25.b5 e5 26.Bg2 exf4 27.gxf4 Re8 28.e5 f6 29.Bxb7 Qxb7
30.Ra3 fxe5 31.Qa2+ Kh7 32.Re3 e4 33.Qc2 Qd5 34.Rfe1 Rd3 35.Qe2 Qd4 36.Kf1 Rxe3  0-1

[Event "Graz op"]
[Site "Graz"]
[Date "1997.??.??"]
[Round "3"]
[White "Rabiega, Robert"]
[Black "Balinov, Ilija"]
[Result "1/2-1/2"]
[WhiteElo "2490"]
[BlackElo "2560"]

1.e4 c5 2.c3 Nf6 3.e5 Nd5 4.Nf3 e6 5.Bc4 d6 6.exd6 Bxd6 7.O-O Nc6 8.d4 cxd4
9.cxd4 O-O 10.Nc3 Nxc3 11.bxc3 e5 12.dxe5 Nxe5 13.Nxe5 Bxe5 14.Bxf7+ Kxf7
15.Qh5+ Kg8 16.Qxe5 Qf6 17.Qg3 Bf5 18.Re1 Rac8 19.Bd2 Qg6 20.Qh4 Rfe8 21.f3 Bd7
22.Qf2 a6 23.Rac1 Bb5 24.Be3 Re6 25.Bd4 Rce8 26.Rxe6 Rxe6 27.Re1 Rxe1+ 28.Qxe1 Bc6
29.Qe2 h6 30.h4 h5 31.Kh2 Qd6+ 32.Be5 Qe7 33.Qc4+ Kh7 34.Qe2 Be8 35.c4 Bg6
36.Qe3 Bf5 37.c5 Qd7 38.Qf4 Bg6 39.Bd4 Be8 40.Qe5 Qf7 41.a3 Qg6 42.Qb8 Qf7
43.Qe5 Qg6 44.Qe7 Qf7 45.Qe3 Qg6 46.a4 Kg8 47.a5 Qf7 48.Kg1 Bc6 49.Qe5 Qg6  1/2-1/2

[Event "Graz op"]
[Site "Graz"]
[Date "1997.??.??"]
[Round "5"]
[White "Rabiega, Robert"]
[Black "Rigo, Janos"]
[Result "1-0"]
[WhiteElo "2490"]
[BlackElo "2325"]

1.e4 c5 2.c3 Nf6 3.e5 Nd5 4.Nf3 Qc7 5.Bc4 Nb6 6.Be2 d5 7.exd6 exd6 8.d4 Be7
9.O-O O-O 10.Bf4 Nd5 11.Bg3 Qb6 12.Nbd2 Be6 13.Qc2 Nc6 14.Rad1 cxd4 15.Nc4 Qc7
16.Nxd4 Nxd4 17.Rxd4 b5 18.Na3 b4 19.Nb5 Qc5 20.Qd2 bxc3 21.bxc3 a6 22.Nxd6 Nxc3
23.Bf3 Bg5 24.Nb7 Bxd2 25.Nxc5 Rad8 26.Nxe6 fxe6 27.Rc4 Nxa2 28.Bg4 Rfe8
29.Rb1 Nc3 30.Rb7 Nd5 31.Rc6 e5 32.Be6+ Kh8 33.Bxe5 Ne7 34.g3 a5 35.Rcc7 Nf5
36.Rxg7  1-0

[Event "Groningen op"]
[Site "Groningen"]
[Date "1997.??.??"]
[Round "5"]
[White "Peptan, Corina"]
[Black "Cvitan, Ognjen"]
[Result "1/2-1/2"]
[WhiteElo "2460"]
[BlackElo "2570"]

1.e4 c5 2.c3 Nf6 3.e5 Nd5 4.d4 cxd4 5.Nf3 d6 6.exd6 e6 7.cxd4 Bxd6 8.Nc3 Nxc3
9.bxc3 Qc7 10.Bb2 Nd7 11.Bd3 Ba3 12.Qb3 Bxb2 13.Qxb2 O-O 14.O-O b6 15.Rfe1 Bb7
16.Re3 Rac8 17.Ne5 Nxe5 18.dxe5 Rfd8 19.Qb4 g6 20.Rc1 Rd5 21.Qf4 Rcd8 22.Bc2 Rc5
23.Bb3 Bd5 24.h4 Bxb3 25.axb3 Rdd5 26.b4 Rc6 27.Qf6 Qd8 28.Qxd8+ Rxd8 29.Ra1 Rd7
30.g3 Rdc7 31.Ra3 a5 32.bxa5 bxa5 33.Rxa5 Rxc3 34.Ra8+ Kg7 35.Rxc3 Rxc3 36.Kg2 h6
37.Ra7 g5 38.hxg5 hxg5 39.Kh3 Rf3 40.Ra2 Kg6 41.Kg4 Rd3 42.f4 Rd1 43.Ra7  1/2-1/2

[Event "Haarlem op"]
[Site "Haarlem"]
[Date "1997.??.??"]
[Round "2"]
[White "Jonkman, Harmen"]
[Black "Szekely, Peter"]
[Result "1/2-1/2"]
[WhiteElo "2320"]
[BlackElo "2455"]

1.e4 c5 2.c3 Nf6 3.e5 Nd5 4.Nf3 d6 5.d4 cxd4 6.Bc4 Nb6 7.Bb3 dxe5 8.Nxe5 e6
9.cxd4 Nc6 10.Nxc6 bxc6 11.O-O Be7  1/2-1/2

[Event "Haarlem op"]
[Site "Haarlem"]
[Date "1997.??.??"]
[Round "4"]
[White "Abbink, Michel"]
[Black "Horvath, Gyula"]
[Result "1/2-1/2"]
[WhiteElo "2245"]
[BlackElo "2480"]

1.e4 c5 2.c3 Nf6 3.e5 Nd5 4.Nf3 e6 5.Bc4 Nb6 6.Bb3 c4 7.Bc2 d6 8.O-O Nc6
9.exd6 Bxd6 10.b3 O-O 11.bxc4 Nxc4 12.d4 Nb6 13.Qd3 g6 14.Bg5 Be7 15.Bh6 Re8
16.Nbd2 Nd5 17.a3 b6 18.Rfe1 Bb7 19.Bb3 Bf8 20.Bg5  1/2-1/2

[Event "Hafnarfjordur"]
[Site "Hafnarfjordur"]
[Date "1997.??.??"]
[Round "3"]
[White "Jensson, Einar Hjalti"]
[Black "Aagaard, Jacob"]
[Result "0-1"]
[WhiteElo "2225"]
[BlackElo "2435"]

1.e4 c5 2.c3 Nf6 3.e5 Nd5 4.d4 cxd4 5.Nf3 e6 6.cxd4 b6 7.Nc3 Nxc3 8.bxc3 Qc7
9.Bb2 Bb7 10.Be2 d6 11.exd6 Bxd6 12.O-O O-O 13.Rc1 Nd7 14.h3 Rad8 15.Qb3 e5
16.a4 e4 17.Nd2 Bh2+ 18.Kh1 Bf4 19.Rcd1 Nf6 20.c4 Rfe8 21.d5 Nd7 22.a5 e3
23.axb6 axb6 24.Nf3 Nc5 25.Qc3 f6 26.Rd4 exf2 27.Bd3 Na4 28.Qc2 Nxb2 29.Bxh7+ Kf8
30.Qxb2 Bg3 31.Rxf2 Bxf2 32.Qxf2 Ra8 33.Qf1 Ra3 34.Ng5 Qe5 35.Nf3 Rxf3  0-1

[Event "Hamburg ch"]
[Site "Hamburg"]
[Date "1997.??.??"]
[Round "2"]
[White "Engelbert, Christoph"]
[Black "Bach, Matthias"]
[Result "1/2-1/2"]
[WhiteElo "2255"]
[BlackElo "2305"]

1.e4 c5 2.c3 Nf6 3.e5 Nd5 4.d4 cxd4 5.Nf3 Nc6 6.cxd4 d6 7.Bc4 Nb6 8.Bb5 d5
9.Nc3 Bg4 10.h3 Bxf3 11.Qxf3 e6 12.O-O f5 13.exf6 Qxf6 14.Qg3 Be7 15.Bf4 O-O
16.Bxc6 bxc6 17.Be5 Qg5 18.Qxg5 Bxg5 19.Rfe1 Nc4 20.Re2 Nxe5 21.Rxe5 Bf6
22.Rxe6 Bxd4 23.Nd1 c5 24.Rc1 a5 25.Rc2 Rae8 26.Rxe8 Rxe8 27.Kf1 a4 28.Nc3 Bxc3
29.bxc3 a3 30.Rd2 Rd8 31.Rd1 c4 32.Ke2 Kf7 33.Rb1 d4 34.cxd4 Rxd4 35.Rd1 Re4+
36.Kd2 Rf4 37.Ke3 Rf6 38.Rc1 Rb6 39.Rc2 Rg6 40.f3 Rb6 41.Kd4 Rb4 42.g4 Kf6
43.Rc3 Kg5 44.Rxa3 c3+ 45.Kxc3 Rf4 46.Ra5+ Kh4 47.Rf5 Ra4 48.Kb3 Ra7 49.a4 g6
50.Rf6 Kxh3 51.Kb4 h5 52.Rxg6 h4 53.Rh6 Rf7 54.g5 Rf4+ 55.Kb5 Rf5+ 56.Kb6 Rxg5
57.a5 Rf5 58.a6 Rxf3 59.a7 Ra3 60.Kb7 Rxa7+  1/2-1/2

[Event "Wichern op"]
[Site "Hamburg"]
[Date "1997.??.??"]
[Round "7"]
[White "Trabert, Bettina"]
[Black "Zacharias, Christian"]
[Result "1-0"]
[WhiteElo "2220"]
[BlackElo "2210"]

1.e4 c5 2.c3 Nf6 3.e5 Nd5 4.d4 cxd4 5.Nf3 e6 6.cxd4 b6 7.Nc3 Nxc3 8.bxc3 Qc7
9.Bd2 Bb7 10.Bd3 d6 11.O-O Nd7 12.Re1 dxe5 13.Nxe5 Nxe5 14.Rxe5 Bd6 15.Rh5 g6
16.Bb5+ Bc6 17.Qf3 O-O-O 18.Bxc6 gxh5 19.a4 Kb8 20.a5 f5 21.Rb1 Rc8 22.d5 exd5
23.Bxd5 Qd8 24.axb6 axb6 25.c4 Re8 26.Qb3 Rc5 27.Qa4 Rxd5 28.cxd5 Re7 29.Ra1 Rb7
30.Qa8+ Kc7 31.Rc1+ Bc5 32.Bf4+  1-0

[Event "SWE-ch qualB"]
[Site "Haninge"]
[Date "1997.??.??"]
[Round "3"]
[White "Logdahl, Harald"]
[Black "Johansson, Gunnar"]
[Result "1/2-1/2"]
[WhiteElo "2155"]
[BlackElo "2305"]

1.e4 c5 2.c3 Nf6 3.e5 Nd5 4.d4 cxd4 5.Nf3 Nc6 6.cxd4 d6 7.Bc4 Nb6 8.Bb5 dxe5
9.Nxe5 Bd7 10.Nc3 e6 11.O-O Be7 12.Qf3 O-O 13.Bxc6 Bxc6 14.Nxc6 bxc6 15.Qxc6 Qxd4
16.a4 Rfc8 17.Qf3 Nc4 18.Be3 Qf6 19.Qb7 Rcb8 20.Qd7 Rd8 21.Qb7 Rdb8 22.Qd7  1/2-1/2

[Event "SWE-ch qualB"]
[Site "Haninge"]
[Date "1997.??.??"]
[Round "4"]
[White "Eriksson, Mats"]
[Black "Eriksson, Johan"]
[Result "0-1"]
[WhiteElo "2250"]
[BlackElo "2315"]

1.e4 c5 2.c3 Nf6 3.e5 Nd5 4.d4 cxd4 5.Nf3 Nc6 6.Bc4 Nb6 7.Bb3 g6 8.Ng5 d5
9.exd6 e6 10.cxd4 Qxd6 11.Be3 Bg7 12.Nf3 O-O 13.O-O Rd8 14.Nc3 h6 15.Qd3 Bd7
16.Rad1 Kh7 17.Rfe1 Rac8 18.h4 Nb4 19.Qe2 N6d5 20.Ne5 Be8 21.Ne4 Qe7 22.h5 g5
23.a3 Nxe3 24.Qxe3 Nc6 25.Nc3 Nxe5 26.dxe5 Rxd1 27.Rxd1 Rc5 28.Qd3+ Kg8 29.Qd8 Kf8
30.Ba4 Rxe5 31.Bxe8 Re1+ 32.Kh2 Rxd1 33.Qxd1 Kxe8 34.Qd3 f5 35.g3 Qf7 36.Kg1 Qd7
37.Qc4 Kf7 38.Kh2 Kg8 39.Qb4 Qd4 40.Qxd4 Bxd4 41.Nd1 e5 42.g4 Kf7 43.Kg2 Ke6  0-1

[Event "SWE-ch qualA"]
[Site "Haninge"]
[Date "1997.??.??"]
[Round "7"]
[White "Sunehag, Peter"]
[Black "Olsson, Krister"]
[Result "1-0"]
[WhiteElo "2175"]
[BlackElo "2360"]

1.e4 c5 2.c3 Nf6 3.e5 Nd5 4.Nf3 d6 5.Bc4 Nb6 6.Bb3 Nc6 7.exd6 Qxd6 8.O-O c4
9.Bc2 Bg4 10.Re1 e6 11.b3 Be7 12.Ba3 Qf4 13.Bxe7 Bxf3 14.gxf3 Kxe7 15.Re4 Qf6
16.bxc4 Ne5 17.f4 Nexc4 18.Qe2 Rac8 19.a4 Nd6 20.Rd4 Rc4 21.Rxd6 Kxd6 22.a5 Rxf4
23.axb6 a6 24.Be4 Qg5+ 25.Kh1 Rb8 26.Na3 f5 27.Nc4+ Ke7 28.Bd5 Qf6 29.Qe3 Rh4
30.Qc5+ Kf7 31.Qc7+ Kg6 32.Ne5+ Kh6 33.Nf7+ Kg6 34.Rg1+ Rg4 35.Ne5+ Kg5 36.Nxg4 fxg4
37.Qxb8 exd5 38.Qg3 h5 39.Qe3+ Kh4 40.Re1 Qc6 41.Qg3+ Kg5 42.Re5+ Kg6 43.Qd3+ Kh6
44.Qxd5 Qf6 45.Re6  1-0

[Event "SWE-ch qualB"]
[Site "Haninge"]
[Date "1997.??.??"]
[Round "11"]
[White "Johansson, Gunnar"]
[Black "Nylen, Anders"]
[Result "0-1"]
[WhiteElo "2305"]
[BlackElo "2225"]

1.e4 c5 2.c3 Nf6 3.e5 Nd5 4.d4 cxd4 5.Nf3 e6 6.Qxd4 Nc6 7.Qe4 f5 8.Qe2 Qc7
9.g3 Nde7 10.Na3 Ng6 11.Nb5 Qb8 12.Bg2 a6 13.Nbd4 Ncxe5 14.O-O Be7 15.h4 O-O
16.Bg5 Bf6 17.Bxf6 Rxf6 18.Ng5 Qc7 19.Rad1 Rb8 20.Rfe1 Nf7 21.Qh5 Nf8 22.Rd3 g6
23.Qd1 b5 24.Nb3 Bb7 25.Bxb7 Rxb7 26.Re2 Nxg5 27.hxg5 Rf7 28.f4 Re7 29.Qe1 Re8
30.Nd2 Rb6 31.Nf3 Rd6 32.Qd2 Rxd3 33.Qxd3 Qc4 34.Qxc4 bxc4 35.b4 cxb3 36.axb3 Rb8
37.Rb2 Kf7 38.b4 Ke7 39.Ra2 Rc8 40.Rxa6 Rxc3 41.Kf2 d6 42.Ra7+ Kd8 43.Rf7 Ke8
44.Rb7 Nd7 45.Ra7 e5 46.fxe5 dxe5 47.b5 Rb3 48.Rb7 Kd8 49.b6 e4 50.Nd4 Rxb6
51.Ra7 Rd6 52.Ke3 Ne5 53.Nb5 Rd7 54.Ra8+ Ke7 55.Rh8 Ke6 56.Nd4+ Kd5 57.Ne2 Ng4+
58.Kf4 Nf2 59.Ke3 Nh3 60.Nf4+ Nxf4 61.Kxf4 Kd4 62.g4 fxg4 63.Kxg4 e3 64.Kf3 Kd3
65.Re8 Rf7+ 66.Kg3 e2 67.Rd8+ Kc2 68.Rc8+ Kd2 69.Rd8+ Ke1 70.Kg2 Rf5  0-1

[Event "SWE-ch qualB"]
[Site "Haninge"]
[Date "1997.??.??"]
[Round "12"]
[White "Eriksson, Mats"]
[Black "Johansson, Gunnar"]
[Result "1-0"]
[WhiteElo "2250"]
[BlackElo "2305"]

1.e4 c5 2.c3 Nf6 3.e5 Nd5 4.d4 cxd4 5.Nf3 Nc6 6.cxd4 d6 7.Bc4 Nb6 8.Bb3 dxe5
9.d5 Na5 10.Nc3 Nxb3 11.Qxb3 g6 12.Nxe5 Bg7 13.Bf4 O-O 14.O-O e6 15.d6 Bd7
16.Rac1 Bc6 17.Rfd1 Nd5 18.Nxd5 Bxd5 19.Rxd5 exd5 20.Qxd5 Qf6 21.g3 Qf5 22.h4 h6
23.Re1 Kh7 24.Qxb7 g5 25.hxg5 hxg5 26.Qh1+ Kg8 27.Bd2 Bxe5 28.Rxe5 Qxe5 29.Bc3 Rac8
30.Bxe5 Rc1+ 31.Kg2 Rxh1 32.Kxh1 f6 33.Bd4 a6 34.d7 Rd8 35.Bxf6 Rxd7 36.Bxg5 Kf7
37.Kg2 Kg6 38.Be3 Rb7 39.Bd4 Rb4 40.Bc3 Ra4 41.a3 Rc4 42.f4 Kf5 43.Kf3 Kg6
44.g4 Kh6 45.Ke3 Kg6 46.Bd4 Rc2 47.Ke4 Re2+ 48.Kf3 Re1 49.f5+ Kg5 50.Be3+ Kf6
51.Kf4 Re2 52.g5+ Kf7 53.g6+ Kg8 54.f6 Rc2 55.Kf3 a5 56.f7+ Kg7 57.Bd4+ Kf8
58.Bc3 Ke7 59.Bxa5  1-0

[Event "Hastings Premier 9798"]
[Site "Hastings"]
[Date "1997.??.??"]
[Round "2"]
[White "Rozentalis, Eduardas"]
[Black "Tkachiev, Vladislav"]
[Result "1-0"]
[WhiteElo "2645"]
[BlackElo "2615"]

1.e4 c5 2.c3 Nf6 3.e5 Nd5 4.g3 d6 5.exd6 e6 6.Bg2 Bxd6 7.Nf3 Nc6 8.d4 cxd4
9.Nxd4 Nxd4 10.Qxd4 O-O 11.O-O Qc7 12.Nd2 Bd7 13.Ne4 Be5 14.Qd3 a6 15.Re1 Bb5
16.Qf3 Bc6 17.Qe2 Nf6 18.Bg5 Bxe4 19.Bxe4 h6 20.Bg2 Bxg3 21.Bxf6 Bxh2+ 22.Kh1 gxf6
23.Qg4+ Kh7 24.Qh4 Be5 25.f4 Bxf4 26.Qxf6 Rh8 27.Rf1 Be5 28.Qxf7+ Qxf7 29.Rxf7+ Kg8
30.Rxb7 Rb8 31.Re1 Rxb7 32.Bxb7 Bf6 33.Rxe6 Kf7 34.Rxa6 Rb8 35.Rb6 Ke7 36.a4 Be5
37.Rb5 Bc7 38.b4 Rd8 39.Bd5 Kd6 40.a5 Re8 41.c4 Re2 42.Rb7 h5 43.a6 Ra2 44.a7 Ra1+
45.Kg2  1-0

[Event "Heart of Finland op"]
[Site "?"]
[Date "1997.??.??"]
[Round "2"]
[White "Molander, Riku"]
[Black "Rantanen, Yrjo A"]
[Result "0-1"]
[WhiteElo "2200"]
[BlackElo "2350"]

1.e4 c5 2.c3 Nf6 3.e5 Nd5 4.d4 cxd4 5.Nf3 d6 6.Bc4 dxe5 7.Nxe5 e6 8.cxd4 Nc6
9.O-O Be7 10.Nxc6 bxc6 11.Nc3 O-O 12.Bb3 Ba6 13.Re1 Nxc3 14.bxc3 c5 15.Re3 cxd4
16.cxd4 Bf6 17.Bb2 Rc8 18.Qg4 Qa5 19.Rd1 Rfd8 20.Rh3 Qb4 21.Ba1 g6 22.Bxe6 Re8
23.d5 Rc4 24.Bxf7+ Kf8 25.Bc3 Qxc3 26.Rxc3 Rxg4 27.Rc6 Kxf7 28.Rxa6 Bd4 29.h3 Rf4
30.g3 Bxf2+ 31.Kg2 Rf5 32.g4 Rf4 33.d6 Bb6 34.Rd2 Rd8 35.a4 Rd7 36.a5 Ra4
37.Rd5 Ke6 38.Rb5 Bd4 39.Rc6 Rxd6 40.Rc7 h6 41.Rh7  0-1

[Event "Heart of Finland op"]
[Site "?"]
[Date "1997.??.??"]
[Round "8"]
[White "Potkin, Vladimir"]
[Black "Sassi, Pekka"]
[Result "1-0"]
[WhiteElo "2310"]
[BlackElo "2170"]

1.e4 c5 2.c3 Nf6 3.e5 Nd5 4.d4 cxd4 5.Nf3 e6 6.cxd4 b6 7.Nc3 Nxc3 8.bxc3 Qc7
9.Bd2 Bb7 10.Bd3 d6 11.O-O Nd7 12.Ng5 dxe5 13.Qh5 g6 14.Qh3 Be7 15.Rae1 Bd5
16.a4 a6 17.f4 exd4 18.cxd4 Bf6 19.Kh1 Bxd4 20.f5 gxf5 21.Rxf5 Nf6 22.Rxd5 Nxd5
23.Nxe6 fxe6 24.Qxe6+ Ne7 25.Bg5 Bc5 26.Be2 Qd7 27.Bh5+ Kd8 28.Rd1 Qxd1+
29.Bxd1 Ra7 30.Bg4 Rc7 31.Bxe7+ Bxe7 32.Qd5+ Ke8 33.Bh5+  1-0

[Event "HUN-chT2 9798"]
[Site "HUN"]
[Date "1997.??.??"]
[Round "?"]
[White "Rovid, Kalman"]
[Black "Nemeth, Antal"]
[Result "1-0"]
[WhiteElo "2355"]
[BlackElo "2275"]

1.e4 c5 2.c3 Nf6 3.e5 Nd5 4.d4 cxd4 5.Nf3 e6 6.cxd4 b6 7.Nc3 Nxc3 8.bxc3 Qc7
9.Bd2 d6 10.Bd3 Nd7 11.O-O Bb7 12.Re1 Be7 13.Bg5 Bd8 14.Bf4 Be7 15.c4 dxe5
16.Nxe5 Nxe5 17.Bxe5 Bd6 18.Qg4 Bxe5 19.Rxe5 O-O-O 20.Bf1 h5 21.Rxh5 Rxh5
22.Qxh5 Qf4 23.Rd1 g6 24.Qh3 Be4 25.Qe3 Qf5 26.c5 Kb8 27.cxb6 axb6 28.d5 Rd6
29.Qg3 e5 30.Qe3 Qf4 31.Qa3 Qf6 32.Bc4 Qd8 33.Qe3 f5 34.f3 Bc2 35.Rd2 Ba4
36.Qxe5 Qc7 37.Qd4 Qc5 38.Qxc5 bxc5 39.Kf2 Kc7 40.Rb2 Bd7 41.Kg3 g5 42.f4 Rg6
43.fxg5 Rxg5+ 44.Kf3 Rg4 45.Bb3 Kd6 46.Rd2 Be8 47.h3 Rb4 48.Ke3 Bf7 49.Kd3 Re4
50.Kc3 Re3+ 51.Kb2 Rg3 52.a4 Be8 53.a5 Bb5 54.Bc2 f4 55.Be4 Re3 56.Bf3 Re7
57.Rd1 Ra7 58.Re1 Bd7 59.Re4 Kxd5 60.Rxf4+ Kd6 61.a6 Bb5 62.Bb7 Bxa6 63.Bxa6 Ke5
64.Ra4 c4 65.Kc3 Rg7 66.Ra2  1-0

[Event "HUN-chT 9798"]
[Site "Hungary"]
[Date "1997.??.??"]
[Round "?"]
[White "Jamrich, Gyorgy"]
[Black "Bokros, Albert"]
[Result "0-1"]
[WhiteElo "2235"]
[BlackElo "2260"]

1.e4 c5 2.c3 Nf6 3.e5 Nd5 4.d4 cxd4 5.Nf3 Nc6 6.Bc4 Nb6 7.Bb3 g6 8.cxd4 Bg7
9.Bf4 d5 10.exd6 exd6 11.Bg5 Qc7 12.Qe2+ Kf8 13.Qd2 Bg4 14.Be3 Re8 15.O-O Bxf3
16.gxf3 Qd7 17.Kg2 Ne7 18.Nc3 Nf5 19.Rae1 Nh4+ 20.Kg3 Nf5+ 21.Kg2 h6 22.Rg1 Kg8
23.Kh1 d5 24.Qd1 Kh7 25.Na4 Nxa4 26.Bxa4 b5 27.Bc2 Re7 28.Qb1 Rc8 29.Rg4 Nxe3
30.fxe3 Rce8 31.Qc1 Bf6 32.Rgg1 Bh4 33.Re2 Bg5 34.Rge1 Qh3 35.Rf1 Rxe3 36.Rxe3 Rxe3
37.Qd1 Bf4 38.Rf2 Qh4 39.Rg2 Re1+  0-1

[Event "Isle of Man op"]
[Site "Isle of Man"]
[Date "1997.??.??"]
[Round "8"]
[White "Emms, John M"]
[Black "Sadler, Matthew"]
[Result "1/2-1/2"]
[WhiteElo "2530"]
[BlackElo "2665"]

1.e4 c5 2.c3 Nf6 3.e5 Nd5 4.Nf3 Nc6 5.d4 cxd4 6.cxd4 d6 7.Bc4 Nb6 8.Bb5 dxe5
9.Nxe5 Bd7 10.Nxd7 Qxd7 11.Nc3 e6 12.O-O Rd8 13.Bg5 Be7 14.Bxe7 Qxe7 15.Qf3 O-O
16.Bxc6 bxc6 17.Qxc6 Rxd4 18.Rad1 Rb4 19.b3 Rc8 20.Qf3 Nd7 21.Rfe1 Nf6 22.Nd5 Nxd5
23.Qxd5 h6 24.g3 Rb7 25.Qd2 Rbc7 26.Rc1 Rd8 27.Qe2 Rd5 28.Rxc7 Qxc7 29.Rd1 Rc5
30.Qe4 a5 31.Kg2 g6 32.Qa8+ Kg7 33.Rd8 Rf5 34.Rg8+ Kh7 35.Rh8+ Kg7 36.Rg8+ Kh7
37.Rh8+ Kg7 38.Rg8+ Kh7  1/2-1/2

[Event "World Cities"]
[Site "Jakarta "]
[Date "1997.??.??"]
[Round "4"]
[White "Ng, Jimmy"]
[Black "Khegai, Angela"]
[Result "1-0"]
[WhiteElo "2140"]
[BlackElo "2235"]

1.e4 c5 2.c3 Nf6 3.e5 Nd5 4.Bc4 e6 5.Nf3 Nb6 6.Bb3 Nc6 7.O-O d5 8.d4 c4 9.Bc2 Be7
10.Nbd2 O-O 11.b3 cxb3 12.axb3 a6 13.Re1 Qc7 14.Nf1 Rd8 15.Qd3 g6 16.Ng5 Bf8
17.Qh3 h6 18.Nf3 h5 19.Ng3 Bg7 20.Nxh5 gxh5 21.Qxh5 Ne7 22.Ng5 Nf5 23.Bd2 Qe7
24.g4 f6 25.gxf5 fxe5 26.dxe5 exf5 27.Bxf5 d4 28.cxd4 Nd7 29.Ne6  1-0

[Event "World Cities"]
[Site "Jakarta "]
[Date "1997.??.??"]
[Round "6"]
[White "Gunawan, Johan"]
[Black "Aung Thant Zin"]
[Result "1-0"]
[WhiteElo "2235"]
[BlackElo "2245"]

1.e4 c5 2.c3 Nf6 3.e5 Nd5 4.d4 cxd4 5.cxd4 d6 6.Nf3 Nc6 7.Bc4 Nb6 8.Bb5 d5
9.O-O Bg4 10.h3 Bxf3 11.Qxf3 e6 12.Be3 Be7 13.Nc3 O-O 14.Rad1 Rc8 15.Bd3 g6
16.Ne2 Nb4 17.Bb1 Nc4 18.Bh6 Re8 19.Bc1 Nc6 20.h4 Bxh4 21.b3 Nb6 22.g3 Bg5
23.Nf4 f5 24.Kg2 Nd7 25.Rh1 Nf8 26.g4 Rc7 27.gxf5 Bxf4 28.Bxf4 exf5 29.e6 Rg7
30.Bh6 Nxe6 31.Bxg7 Kxg7 32.Qe3 f4 33.Qh3 Ng5 34.Qh6+ Kg8 35.Bxg6 f3+ 36.Kf1 Re7
37.Rg1 Rg7 38.Rxg5 hxg6 39.Rxg6 Qe7 40.Re1  1-0

[Event "Jarvenpaa We JarvSK"]
[Site "Jarvenpaa"]
[Date "1997.??.??"]
[Round "?"]
[White "Laakso, Harri"]
[Black "Sammalvuo, Tapani"]
[Result "1/2-1/2"]
[WhiteElo "2195"]
[BlackElo "2375"]

1.e4 c5 2.c3 Nf6 3.e5 Nd5 4.d4 cxd4 5.Nf3 Nc6 6.cxd4 d6 7.exd6 Qxd6 8.Nc3 Nxc3
9.bxc3 g6 10.Be2 Bg7 11.O-O O-O 12.a4 Rd8 13.Bg5 Be6 14.Rb1 Na5 15.Re1 Rac8
16.Qd2 Bd5 17.h3 Bf6 18.Bxf6 Qxf6 19.c4 Nxc4 20.Bxc4 Rxc4 21.Qa5 e6 22.Ne5 Rxd4
23.Ng4 Qe7 24.Qxa7 Bc6 25.a5 Qg5 26.a6 Qa5 27.Rec1 Qa4 28.Qb6 Rd1+ 29.Rxd1 Rxd1+
30.Rxd1 Qxd1+ 31.Kh2 Qd6+ 32.Kg1 Qd1+ 33.Kh2 Qd6+ 34.Kg1 bxa6 35.Qxa6 Qd1+
36.Kh2 Qd6+ 37.Kg1 h5 38.Nf6+ Kf8 39.Qc8+ Kg7 40.Ne8+ Bxe8 41.Qxe8 Qd1+ 42.Kh2 Qd4
43.f3 Qf4+ 44.Kh1 h4 45.Qd8 Qc1+ 46.Kh2 Qf4+ 47.Kh1 Qc1+ 48.Kh2 Qc4 49.Qe8 Qd4
50.Qe7 Qf6 51.Qe8 Qe5+ 52.Kh1 g5 53.Qd8 Qd5 54.Qe7 Qd1+ 55.Kh2 Qd2 56.Qe8 Qd4
57.Qe7 Kg6 58.Kh1 Qd1+ 59.Kh2 Qd5 60.Qe8 Kf6 61.Kh1 Qc4 62.Kh2 Qc7+ 63.Kh1 Kf5
64.Qb5+ Qe5 65.Qb7 Kf4 66.Qxf7+ Kg3 67.Qa7 g4 68.hxg4 h3 69.Qg1 hxg2+ 70.Qxg2+ Kh4
71.Qh2+ Qxh2+ 72.Kxh2 e5 73.Kg2 e4 74.fxe4  1/2-1/2

[Event "Kastel Stari op"]
[Site "Kastel Stari"]
[Date "1997.??.??"]
[Round "5"]
[White "Stevic, Hrvoje"]
[Black "Belamaric, Tanja"]
[Result "1-0"]
[WhiteElo "2400"]
[BlackElo "2215"]

1.e4 c5 2.c3 Nf6 3.e5 Nd5 4.d4 d6 5.Nf3 cxd4 6.Bc4 e6 7.cxd4 Nc6 8.O-O Be7
9.Qe2 Nb6 10.Bb3 dxe5 11.dxe5 Bd7 12.Nc3 a6 13.Rd1 Na5 14.Bc2 Rc8 15.Bf4 Nbc4
16.Bd3 b5 17.Rac1 h6 18.Be4 Nb6 19.Be3 Nc6 20.a4 Nxa4 21.Nxa4 bxa4 22.Bxc6  1-0

[Event "Kastel Stari op"]
[Site "Kastel Stari"]
[Date "1997.??.??"]
[Round "7"]
[White "Stevic, Hrvoje"]
[Black "Golubovic, Boris"]
[Result "1-0"]
[WhiteElo "2400"]
[BlackElo "2450"]

1.e4 c5 2.c3 Nf6 3.e5 Nd5 4.d4 cxd4 5.Nf3 d6 6.Bc4 e6 7.cxd4 Nc6 8.O-O Be7
9.Qe2 O-O 10.Qe4 Qc7 11.a3 Na5 12.Ba2 b6 13.Qe2 Bb7 14.b4 Nc6 15.Bb2 dxe5
16.dxe5 Rad8 17.Qc4 a5 18.b5 Nb8 19.Nbd2 Nd7 20.Rac1 Qxc4 21.Rxc4 Rc8 22.Rfc1 Rc5
23.Nb3 Rxc4 24.Rxc4 Nc5 25.Nxc5 Bxc5 26.Kf1 Nc7 27.Bd4 Bd5 28.Rc2 Bxa2 29.Rxa2 Nxb5
30.Bxc5 bxc5 31.Rc2 Rc8 32.a4 Na7 33.Nd2 h6 34.Nb3 c4 35.Nxa5 c3 36.Nb7 Rc4
37.Nd6 Rc5 38.Ne4 Rxe5 39.f3 Ra5 40.Nxc3 Nc6 41.Rc1 f5 42.Ke2 Kf7 43.Rb1 g5
44.Kd3 Kf6 45.Rb5 Ra8 46.Rb6 Rc8 47.Nb5 Ne5+ 48.Ke2 Rc2+ 49.Kf1 Nc6 50.Ke1 Ke5
51.Kd1 Rc5 52.Kd2 h5 53.Nc3 Rc4 54.Kd3 Rd4+ 55.Ke3 Nb4 56.Rxe6+ Kxe6 57.Kxd4 Nc2+
58.Kc5 Kd7 59.Kb6 Kc8 60.Nd5 Kb8 61.a5 Na3 62.Kc5 Ka7 63.Nb4 Nb1 64.Kd4 Nd2
65.Ke5 f4 66.Kf5 g4 67.fxg4  1-0

[Event "Klatovy op-A"]
[Site "Klatovy"]
[Date "1997.??.??"]
[Round "?"]
[White "Paldus, P."]
[Black "Folk, Petr"]
[Result "0-1"]
[WhiteElo "2015"]
[BlackElo "2225"]

1.e4 c5 2.c3 Nf6 3.e5 Nd5 4.d4 cxd4 5.cxd4 d6 6.Nf3 Nc6 7.Bc4 Nb6 8.Bxf7+ Kxf7
9.Ng5+ Kg8 10.Qf3 Qe8 11.e6 g6 12.d5 Nd4 13.Qe4 Bg7 14.g4 Qa4 15.b3 Qa5+
16.Nc3 Qxc3+ 17.Kf1 Qxa1 18.Kg2 Qc3 19.Re1 Bf6 20.Nxh7 Qf3+ 21.Qxf3 Nxf3
22.Nxf6+ exf6  0-1

[Event "Klatovy op-A"]
[Site "Klatovy"]
[Date "1997.??.??"]
[Round "?"]
[White "Kalikova, Jana"]
[Black "Folk, Petr"]
[Result "0-1"]
[WhiteElo "2125"]
[BlackElo "2225"]

1.e4 c5 2.c3 Nf6 3.e5 Nd5 4.g3 d6 5.exd6 Qxd6 6.Bg2 Nc6 7.Ne2 Bg4 8.O-O O-O-O
9.Na3 Qd7 10.d4 cxd4 11.cxd4 Bh3 12.Bxd5 Qxd5 13.Nf4 Qd7 14.Nxh3 Qxh3 15.Bf4 e5
16.Be3 exd4 17.Bf4 Bd6 18.Qd2 Qf5 19.Bxd6 Rxd6 20.Nc4 Rd7 21.Rfe1 h5 22.Rac1 Kb8
23.Re2 d3 24.Re3 Nd4 25.Kg2 Qd5+ 26.f3 Ne2 27.Re5 Qc6 28.Re1 Qxc4 29.R5xe2 Rhd8
30.Re3 Qxa2 31.Re8 Qc4 32.Rxd8+ Rxd8 33.Rc1 Qd4 34.Rc3 g6 35.h3 a6 36.h4 Ka7
37.Rb3 Rd6 38.Kf1 Ka8 39.Rc3 Ka7 40.Rb3 Rd7 41.Rc3 b6 42.Kg2 f6 43.Ra3 g5
44.hxg5 fxg5 45.Rc3 Qd5 46.Kf2 Kb7 47.Rc1 g4 48.fxg4 hxg4 49.Kg1 Qd4+ 50.Kg2 Qe4+
51.Kg1 Rh7 52.Qg2 Qxg2+ 53.Kxg2 d2 54.Rd1 Rd7 55.Kf2 Kc6  0-1